Obľúbená čokoláda bude drahšia

Väčšina celosvetovej produkcie kakaa pochádza z afrických štátov. Tie sa musia pasovať s nepriaznivým počasím, čo negatívne zasahuje úrodu. Cukrovinky tak môžu zdražieť ešte o niekoľko percent.

Saved in:
Bibliographic Details
Main Author: Hubinská, Veronika
Format: Book Chapter
Language:Slovak
Subjects:
Tags: Add Tag
No Tags, Be the first to tag this record!

MARC

LEADER 00000naa a2200000 4500
001 0299232
005 20240417075304.3
041 0 |a slo 
044 |a SK 
245 1 0 |a Obľúbená čokoláda bude drahšia  |c Veronika Hubinská 
520 |a Väčšina celosvetovej produkcie kakaa pochádza z afrických štátov. Tie sa musia pasovať s nepriaznivým počasím, čo negatívne zasahuje úrodu. Cukrovinky tak môžu zdražieť ešte o niekoľko percent. 
610 2 0 |a čokoláda 
610 2 0 |a cukrovarníctvo 
610 2 0 |a produkcia 
610 2 0 |a inflácia 
610 2 0 |a počasie 
610 2 0 |a kakao 
610 2 0 |a Afrika 
100 1 |a Hubinská, Veronika